歴代寝台特急 - Statistics

General Stats
  • This quiz has been taken 418 times
  • The average score is 15 of 27
Answer Stats
Answer % Correct
北斗星
88%
富士
79%
はやぶさ
78%
さくら
75%
あけぼの
74%
出雲
74%
瀬戸
71%
あさかぜ
69%
なは
66%
日本海
66%
あかつき
65%
サンライズ出雲
62%
サンライズ瀬戸
62%
みずほ
60%
はくつる
55%
ゆうづる
54%
北陸
53%
彗星
45%
明星
42%
紀伊
39%
金星
34%
つるぎ
32%
鳥海
31%
出羽
26%
安芸
22%
月光
19%
北星
19%
No matching quizzes found
Score Distribution
Percent of People with Each Score
Percentile by Number Answered
Your Score History
You have not taken this quiz